[Event "Copa Latinoamericana de Ajedrez 2011"]
[Site "Montevideo URU"]
[Date "2011.11.02"]
[Round "2.1"]
[White "Rioseco Pinochet, Fernan"]
[Black "Bruzon Batista, Lazaro"]
[Result "0-1"]
[WhiteElo "2192"]
[BlackElo "2689"]
[PlyCount "108"]
[EventDate "2011.11.01"]
[EventType "swiss"]
[EventRounds "9"]
[EventCountry "URU"]
[Source "lmi"]
[SourceDate "2011.11.01"]

1. d4 Nf6 2. Nf3 e6 3. Bg5 h6 4. Bxf6 Qxf6 5. Nc3 d6 6. Qd2 g5 7. O-O-O Bg7 8.
e3 a6 9. h4 g4 10. Ne1 Nc6 11. Nd3 Rg8 12. Nf4 Bh8 13. Bd3 Bd7 14. Bh7 Rf8 15.
Kb1 O-O-O 16. Bd3 Kb8 17. a3 Bc8 18. Nh5 Qe7 19. Qe2 f5 20. Nf4 Qg7 21. Bc4 e5
22. dxe5 Nxe5 23. Be6 Rfe8 24. Bxc8 Rxc8 25. Rd5 Rcd8 26. Rhd1 Qe7 27. Ra5 c6
28. Ra4 d5 29. Na2 Nc4 30. Rb4 Qxh4 31. Ng6 Qf6 32. Nxh8 Rxh8 33. Rb3 a5 34.
Nc3 Rhe8 35. Na4 Kc7 36. Ka2 h5 37. Rc3 b5 38. Nc5 f4 39. Qe1 Kb6 40. Rxc4 dxc4
41. Nd7+ Rxd7 42. Rxd7 c3 43. b3 a4 44. Rd3 axb3+ 45. Kxb3 g3 46. e4 Qe6+ 47.
Kxc3 Qc4+ 48. Kd2 Rxe4 49. Qf1 h4 50. fxg3 hxg3 51. Qf3 Re5 52. Qg4 Qe4 53. Kc3
Qxg2 54. Qxf4 Rc5+ 0-1

[Event "Copa Latinoamericana de Ajedrez 2011"]
[Site "Montevideo URU"]
[Date "2011.11.02"]
[Round "2.2"]
[White "Chemin, Justo Reinaldo"]
[Black "Flores, Diego"]
[Result "0-1"]
[WhiteElo "2184"]
[BlackElo "2599"]
[PlyCount "64"]
[EventDate "2011.11.01"]
[EventType "swiss"]
[EventRounds "9"]
[EventCountry "URU"]
[Source "lmi"]
[SourceDate "2011.11.01"]

1. e4 c5 2. Nc3 Nc6 3. Nge2 e6 4. d3 a6 5. g3 b5 6. Bg2 Bb7 7. O-O d6 8. f4 Nf6
9. h3 Be7 10. g4 b4 11. Nb1 Nd7 12. Nd2 Nd4 13. Nf3 Nxf3+ 14. Bxf3 O-O 15. Be3
f5 16. g5 Qc7 17. Ng3 d5 18. exf5 Bxg5 19. Bg2 Bh4 20. fxe6 Rae8 21. exd7 Rxe3
22. Nf5 Rxf5 23. Qg4 Qxd7 24. Qxh4 d4 25. Bxb7 Qxb7 26. Rae1 h6 27. Rxe3 dxe3
28. Re1 Qf3 29. Rf1 Qd5 30. Qg3 Rf6 31. f5 e2 32. Re1 Qxf5 0-1

[Event "Copa Latinoamericana de Ajedrez 2011"]
[Site "Montevideo URU"]
[Date "2011.11.02"]
[Round "2.3"]
[White "Mareco, Sandro"]
[Black "Granara Barreto, Sebastian"]
[Result "1-0"]
[WhiteElo "2583"]
[BlackElo "2190"]
[PlyCount "83"]
[EventDate "2011.11.01"]
[EventType "swiss"]
[EventRounds "9"]
[EventCountry "URU"]
[Source "lmi"]
[SourceDate "2011.11.01"]

1. d4 d5 2. c4 c6 3. Nc3 Nf6 4. e3 g6 5. Nf3 Bg7 6. Be2 O-O 7. O-O b6 8. b4
dxc4 9. Bxc4 Bb7 10. Bb2 e6 11. a4 a5 12. b5 cxb5 13. axb5 Nbd7 14. Na4 Rc8 15.
Rc1 Ne4 16. Ba3 Re8 17. Qe2 Bf8 18. Bxf8 Rxf8 19. Rfd1 Nd6 20. Bd3 Qe7 21. Nc3
e5 22. Bb1 e4 23. Nd2 Nf6 24. Ba2 Rc7 25. Rc2 Rfc8 26. Rdc1 Qd7 27. Bb3 Qe7 28.
h3 Kg7 29. Ndb1 Qd7 30. Na3 Qe7 31. Na4 Rxc2 32. Rxc2 Rxc2 33. Qxc2 Nf5 34. Nc4
Qb4 35. Ne5 Nd6 36. Nxb6 Qxb5 37. Qc5 Qxb3 38. Qxd6 Qe6 39. Qc5 a4 40. Nxa4 Nd7
41. Nxd7 Qxd7 42. Nc3 1-0

[Event "Copa Latinoamericana de Ajedrez 2011"]
[Site "Montevideo URU"]
[Date "2011.11.02"]
[Round "2.4"]
[White "Guerrero, Alvaro"]
[Black "Felgaer, Ruben"]
[Result "0-1"]
[WhiteElo "2170"]
[BlackElo "2573"]
[PlyCount "54"]
[EventDate "2011.11.01"]
[EventType "swiss"]
[EventRounds "9"]
[EventCountry "URU"]
[Source "lmi"]
[SourceDate "2011.11.01"]

1. d4 d6 2. c4 e5 3. Nc3 exd4 4. Qxd4 Nf6 5. b3 g6 6. Bb2 Bg7 7. Qd2 O-O 8. Nf3
Nbd7 9. g3 Nc5 10. Bg2 Re8 11. O-O a5 12. Rad1 Bd7 13. Nd4 Qc8 14. Rfe1 Bh3 15.
Bh1 c6 16. e4 Qc7 17. f3 Qb6 18. Bg2 Bxg2 19. Kxg2 a4 20. Qc2 axb3 21. axb3
Nfd7 22. Nde2 Qxb3 23. Qxb3 Nxb3 24. Rxd6 Ne5 25. Rb1 Nxc4 26. Rd7 Nc5 27. Rc7
Be5 0-1

[Event "Copa Latinoamericana de Ajedrez 2011"]
[Site "Montevideo URU"]
[Date "2011.11.02"]
[Round "2.5"]
[White "Fier, Alexandr"]
[Black "Ovalles, Otto"]
[Result "1-0"]
[WhiteElo "2573"]
[BlackElo "2175"]
[PlyCount "77"]
[EventDate "2011.11.01"]
[EventType "swiss"]
[EventRounds "9"]
[EventCountry "URU"]
[Source "lmi"]
[SourceDate "2011.11.01"]

1. d4 Nf6 2. c4 e6 3. Nf3 b6 4. g3 Bb4+ 5. Bd2 a5 6. Bg2 Bb7 7. O-O O-O 8. Bf4
Be7 9. Nc3 Ne4 10. Nb5 Na6 11. Rc1 d6 12. Qd3 Qc8 13. Rfd1 f5 14. Qe3 Rb8 15.
h4 Qd7 16. a3 Bf6 17. Ne1 Be7 18. Nd3 Nf6 19. Bxb7 Rxb7 20. b4 Ng4 21. Qf3 d5
22. Nc3 axb4 23. axb4 Nxb4 24. Nxb4 Bxb4 25. cxd5 Ra7 26. dxe6 Qxe6 27. Nd5 c5
28. Nxb4 cxb4 29. Rc6 Qa2 30. Rxb6 Ra3 31. e3 Qc2 32. Rf1 Ra2 33. Rxb4 h6 34.
Rb7 Kh7 35. Rc7 Qd3 36. Qb7 Rg8 37. Be5 Nxe5 38. dxe5 Rd2 39. e6 1-0

[Event "Copa Latinoamericana de Ajedrez 2011"]
[Site "Montevideo URU"]
[Date "2011.11.02"]
[Round "2.7"]
[White "Hernandez Carmenates, Holden"]
[Black "Froes Yano, William Jorge"]
[Result "1-0"]
[WhiteElo "2564"]
[BlackElo "2162"]
[PlyCount "47"]
[EventDate "2011.11.01"]
[EventType "swiss"]
[EventRounds "9"]
[EventCountry "URU"]
[Source "lmi"]
[SourceDate "2011.11.01"]

1. d4 Nf6 2. c4 c5 3. Nf3 cxd4 4. Nxd4 Nc6 5. g3 e5 6. Nb5 a6 7. N5c3 Be7 8.
Bg2 O-O 9. O-O Rb8 10. Bg5 b5 11. Bxf6 Bxf6 12. c5 Be7 13. Ne4 Nd4 14. e3 Ne6
15. b4 Bb7 16. Nbc3 Bc6 17. Nd6 Bxd6 18. Qxd6 Qc7 19. Rfd1 Rfd8 20. Rd2 Qxd6
21. Rxd6 Rdc8 22. Nd5 Kf8 23. Nb6 Rc7 24. Bxc6 1-0

[Event "Copa Latinoamericana de Ajedrez 2011"]
[Site "Montevideo URU"]
[Date "2011.11.02"]
[Round "2.8"]
[White "Arcos Facio, Mateo"]
[Black "Lemos, Damian"]
[Result "1-0"]
[WhiteElo "2148"]
[BlackElo "2543"]
[PlyCount "53"]
[EventDate "2011.11.01"]
[EventType "swiss"]
[EventRounds "9"]
[EventCountry "URU"]
[Source "lmi"]
[SourceDate "2011.11.01"]

1. e4 e6 2. d4 d5 3. Nc3 Nf6 4. e5 Nfd7 5. Nf3 c5 6. dxc5 Nc6 7. Bf4 Nxc5 8.
Bd3 Be7 9. O-O Bd7 10. Ne2 g5 11. Bg3 h5 12. h3 Qb6 13. a4 Rc8 14. Qd2 Nb4 15.
a5 Qc7 16. Nfd4 Ne4 17. Bxe4 dxe4 18. Nc3 Qc4 19. Rfe1 h4 20. Bh2 g4 21. hxg4
h3 22. Rad1 hxg2 23. Nf5 exf5 24. Qxd7+ Kf8 25. Qxf5 e3 26. Rxe3 Nxc2 27. e6
1-0

[Event "Copa Latinoamericana de Ajedrez 2011"]
[Site "Montevideo URU"]
[Date "2011.11.02"]
[Round "2.9"]
[White "Cubas, Jose"]
[Black "Curi, Gabriel"]
[Result "1-0"]
[WhiteElo "2536"]
[BlackElo "2154"]
[PlyCount "69"]
[EventDate "2011.11.01"]
[EventType "swiss"]
[EventRounds "9"]
[EventCountry "URU"]
[Source "lmi"]
[SourceDate "2011.11.01"]

1. e4 e6 2. d4 d5 3. e5 c5 4. c3 Qb6 5. Nf3 Nc6 6. Be2 Nh6 7. Bxh6 gxh6 8. Qd2
Bg7 9. O-O O-O 10. Na3 cxd4 11. cxd4 f6 12. exf6 Rxf6 13. Nc2 Bd7 14. b4 Be8
15. b5 Ne7 16. a4 Bg6 17. Ne5 Qd6 18. Ne3 Nf5 19. Nxf5 Rxf5 20. f4 Bxe5 21.
fxe5 Rxf1+ 22. Rxf1 Qa3 23. Bg4 Bf5 24. Bxf5 exf5 25. Qxh6 Rf8 26. Qe6+ Kh8 27.
Qxd5 Qe3+ 28. Kh1 f4 29. h3 Kg7 30. Qxb7+ Kg6 31. Qe7 Rf5 32. Qe6+ Kg5 33. Qg8+
Kh6 34. Qg4 Rf8 35. h4 1-0

[Event "Copa Latinoamericana de Ajedrez 2011"]
[Site "Montevideo URU"]
[Date "2011.11.02"]
[Round "2.10"]
[White "Sanguinetti, Luis"]
[Black "Perez Ponsa, Federico"]
[Result "0-1"]
[WhiteElo "2138"]
[BlackElo "2484"]
[PlyCount "56"]
[EventDate "2011.11.01"]
[EventType "swiss"]
[EventRounds "9"]
[EventCountry "URU"]
[Source "lmi"]
[SourceDate "2011.11.01"]

1. d4 Nf6 2. c4 g6 3. Nc3 Bg7 4. e4 d6 5. Nge2 a6 6. Ng3 c6 7. d5 Nbd7 8. Be2
O-O 9. O-O Ne5 10. h3 b5 11. cxb5 cxb5 12. Be3 Rb8 13. a4 Nc4 14. Bd4 e5 15.
dxe6 Bxe6 16. axb5 axb5 17. Nxb5 Rxb5 18. b3 d5 19. bxc4 dxc4 20. Ra4 Qc7 21.
Qa1 Ne8 22. Rc1 Bxd4 23. Qxd4 Rc5 24. Nf1 Nd6 25. Ne3 Rc8 26. f4 Nb5 27. Qf6
Rc6 28. Bxc4 Qb6 0-1

[Event "Copa Latinoamericana de Ajedrez 2011"]
[Site "Montevideo URU"]
[Date "2011.11.02"]
[Round "2.11"]
[White "Alonso, Salvador"]
[Black "Arias, Jorge"]
[Result "1-0"]
[WhiteElo "2483"]
[BlackElo "2151"]
[PlyCount "55"]
[EventDate "2011.11.01"]
[EventType "swiss"]
[EventRounds "9"]
[EventCountry "URU"]
[Source "lmi"]
[SourceDate "2011.11.01"]

1. e4 c5 2. Nf3 Nc6 3. d4 cxd4 4. Nxd4 g6 5. Nc3 Bg7 6. Be3 Nf6 7. Bc4 O-O 8.
Bb3 Ng4 9. Qxg4 Nxd4 10. Qd1 Nxb3 11. axb3 b6 12. O-O Bb7 13. Bd4 Bc6 14. Bxg7
Kxg7 15. b4 a6 16. Qd4+ Kg8 17. Ra3 Qc7 18. Qd3 b5 19. Rfa1 Qb7 20. Nd5 d6 21.
Rd1 Rac8 22. c3 f5 23. exf5 Rxf5 24. Ne3 Rg5 25. f4 Rh5 26. Rda1 g5 27. Qe2 Rh6
28. Nf5 1-0

[Event "Copa Latinoamericana de Ajedrez 2011"]
[Site "Montevideo URU"]
[Date "2011.11.02"]
[Round "2.12"]
[White "Cori Tello, Jorge"]
[Black "Mafra Kaiser, Luiz"]
[Result "1-0"]
[WhiteElo "2482"]
[BlackElo "2150"]
[PlyCount "63"]
[EventDate "2011.11.01"]
[EventType "swiss"]
[EventRounds "9"]
[EventCountry "URU"]
[Source "lmi"]
[SourceDate "2011.11.01"]

1. d4 Nf6 2. c4 g6 3. g3 Bg7 4. Bg2 O-O 5. Nc3 d6 6. e3 Nc6 7. Nge2 e5 8. O-O
Re8 9. d5 Ne7 10. e4 Nd7 11. Be3 f5 12. f3 b6 13. b4 a5 14. a3 Rf8 15. Qb3 Nf6
16. h3 Kh8 17. Rac1 axb4 18. axb4 Bd7 19. c5 bxc5 20. bxc5 Qb8 21. Qc4 fxe4 22.
fxe4 Nfg8 23. c6 Be8 24. Rxf8 Bxf8 25. Rb1 Qd8 26. g4 Nc8 27. Qb3 Bh6 28. Bf2
Bd2 29. Qb2 Bg5 30. Qb7 Ra3 31. h4 Bd2 32. Qb2 1-0

[Event "Copa Latinoamericana de Ajedrez 2011"]
[Site "Montevideo URU"]
[Date "2011.11.02"]
[Round "2.13"]
[White "Lopez Falcon, Jorge"]
[Black "Rodriguez Vila, Andres"]
[Result "0-1"]
[WhiteElo "2126"]
[BlackElo "2505"]
[PlyCount "96"]
[EventDate "2011.11.01"]
[EventType "swiss"]
[EventRounds "9"]
[EventCountry "URU"]
[Source "lmi"]
[SourceDate "2011.11.01"]

1. d4 e6 2. Nf3 c5 3. c4 cxd4 4. Nxd4 b6 5. e4 Bb7 6. f3 Nc6 7. Be3 Nxd4 8.
Bxd4 Ne7 9. Be2 Nc6 10. Be3 Bc5 11. Qd2 Bxe3 12. Qxe3 Nb4 13. Qc3 Qh4+ 14. g3
Qe7 15. O-O O-O 16. a3 Na6 17. Nd2 d5 18. Qe3 dxe4 19. Nxe4 f5 20. Nc3 f4 21.
Qf2 Nc5 22. Rad1 e5 23. Nd5 Qf7 24. Bd3 Nxd3 25. Rxd3 Rae8 26. Re1 fxg3 27.
hxg3 b5 28. b3 a5 29. a4 bxc4 30. bxc4 Bc6 31. Qe3 Qg6 32. Kg2 Bxa4 33. Ra3 e4
34. fxe4 Bc2 35. e5 a4 36. e6 Bb3 37. e7 Rf7 38. Rxb3 Qc2+ 39. Re2 Qxb3 40.
Qxb3 axb3 41. Rb2 Rf5 42. Rxb3 Re5 43. Kf3 Kf7 44. Kf4 Re1 45. Rc3 Rc8 46. c5
Re6 47. Kg4 h5+ 48. Kxh5 Re5+ 0-1

[Event "Copa Latinoamericana de Ajedrez 2011"]
[Site "Montevideo URU"]
[Date "2011.11.02"]
[Round "2.14"]
[White "Real De Azua, Ernesto"]
[Black "Escandon, Federico"]
[Result "1/2-1/2"]
[WhiteElo "2459"]
[BlackElo "2145"]
[PlyCount "62"]
[EventDate "2011.11.01"]
[EventType "swiss"]
[EventRounds "9"]
[EventCountry "URU"]
[Source "lmi"]
[SourceDate "2011.11.01"]

1. d4 d5 2. c4 c6 3. Nc3 Nf6 4. Nf3 dxc4 5. a4 Bf5 6. e3 Na6 7. Bxc4 e6 8. O-O
Nb4 9. Qe2 Bg4 10. Rd1 Be7 11. h3 Bh5 12. g4 Bg6 13. e4 h6 14. Ne5 Bh7 15. f3
Nd7 16. Nxd7 Qxd7 17. Be3 Qc7 18. Qf2 g5 19. Rac1 O-O 20. f4 Kg7 21. f5 Rae8
22. Ne2 exf5 23. gxf5 f6 24. Be6 b6 25. Qf3 Bd6 26. Rc4 Bg8 27. d5 c5 28. Bxg8
Rxg8 29. Nd4 Qf7 30. Ne6+ Kh7 31. Rd2 h5 1/2-1/2

[Event "Copa Latinoamericana de Ajedrez 2011"]
[Site "Montevideo URU"]
[Date "2011.11.02"]
[Round "2.15"]
[White "Magaldi, Nelson"]
[Black "Dos Santos, Ramiro"]
[Result "0-1"]
[WhiteElo "2123"]
[BlackElo "2453"]
[PlyCount "66"]
[EventDate "2011.11.01"]
[EventType "swiss"]
[EventRounds "9"]
[EventCountry "URU"]
[Source "lmi"]
[SourceDate "2011.11.01"]

1. d4 Nf6 2. Nf3 g6 3. c4 Bg7 4. Nc3 d5 5. e3 O-O 6. Be2 c5 7. dxc5 dxc4 8.
Qxd8 Rxd8 9. Bxc4 Nbd7 10. O-O Nxc5 11. h3 Nfe4 12. Nxe4 Nxe4 13. Bb3 Nc5 14.
Nd4 e5 15. Ne2 Nxb3 16. axb3 Be6 17. Nc3 Bxb3 18. e4 f5 19. Bg5 Rd4 20. Be3
fxe4 21. Bxd4 exd4 22. Nxe4 d3 23. Nd2 Bc2 24. Ra2 a5 25. g3 a4 26. Re1 b5 27.
Re7 Bf8 28. Rd7 Re8 29. Ra1 Re2 30. Nf3 Bc5 31. Rf1 b4 32. Ng5 d2 33. Nxh7 Be7
0-1

[Event "Copa Latinoamericana de Ajedrez 2011"]
[Site "Montevideo URU"]
[Date "2011.11.02"]
[Round "2.16"]
[White "Tristan, Leonardo"]
[Black "Restuccia, Francisco"]
[Result "1-0"]
[WhiteElo "2463"]
[BlackElo "2136"]
[PlyCount "89"]
[EventDate "2011.11.01"]
[EventType "swiss"]
[EventRounds "9"]
[EventCountry "URU"]
[Source "lmi"]
[SourceDate "2011.11.01"]

1. d4 Nf6 2. Bg5 e6 3. e4 h6 4. Bxf6 Qxf6 5. Nc3 Bb4 6. Qd2 d6 7. a3 Ba5 8. Nf3
Bd7 9. Be2 Nc6 10. O-O g5 11. d5 Bxc3 12. bxc3 Ne7 13. Rab1 b6 14. e5 dxe5 15.
d6 Nd5 16. dxc7 Qf4 17. Qd3 Ke7 18. Nd2 e4 19. Nxe4 f5 20. Ng3 Nxc7 21. Rfe1
Rad8 22. Bf3 Rhf8 23. Ne2 Qd6 24. Nd4 Kf6 25. g4 e5 26. Nxf5 Qxd3 27. cxd3 Bxf5
28. gxf5 Kxf5 29. a4 Ne6 30. Be4+ Kf6 31. a5 bxa5 32. Rb5 Nf4 33. Rxa5 Rf7 34.
Rea1 Rfd7 35. Ra6+ Kg7 36. c4 Nxd3 37. Rg6+ Kf8 38. Bd5 Rg7 39. Rf6+ Ke7 40.
Re6+ Kf8 41. Rb1 Re7 42. Rg6 Rh7 43. Rb8 Ke7 44. Re6+ Kf7 45. Rd6+ 1-0

[Event "Copa Latinoamericana de Ajedrez 2011"]
[Site "Montevideo URU"]
[Date "2011.11.02"]
[Round "2.17"]
[White "Michailov, Matias"]
[Black "Slipak, Sergio"]
[Result "0-1"]
[WhiteElo "2117"]
[BlackElo "2440"]
[PlyCount "44"]
[EventDate "2011.11.01"]
[EventType "swiss"]
[EventRounds "9"]
[EventCountry "URU"]
[Source "lmi"]
[SourceDate "2011.11.01"]

1. c4 e6 2. Nc3 Bb4 3. Nf3 Nf6 4. g3 O-O 5. a3 Be7 6. Bg2 d5 7. d4 c6 8. O-O
Nbd7 9. b3 b6 10. Bb2 Ba6 11. Qc2 Rc8 12. Rad1 Qc7 13. e4 dxc4 14. Qe2 b5 15.
d5 cxb3 16. Nd4 b4 17. Qxa6 bxc3 18. Bxc3 cxd5 19. exd5 Qxc3 20. dxe6 Nb6 21.
Qxa7 Bc5 22. Nf5 Rc7 0-1

[Event "Copa Latinoamericana de Ajedrez 2011"]
[Site "Montevideo URU"]
[Date "2011.11.02"]
[Round "2.18"]
[White "Cori Tello, Deysi"]
[Black "Pesuto, Ivan"]
[Result "1-0"]
[WhiteElo "2414"]
[BlackElo "2129"]
[PlyCount "71"]
[EventDate "2011.11.01"]
[EventType "swiss"]
[EventRounds "9"]
[EventCountry "URU"]
[Source "lmi"]
[SourceDate "2011.11.01"]

1. d4 g6 2. c4 Bg7 3. Nf3 d6 4. g3 Nf6 5. Bg2 O-O 6. O-O Nc6 7. Nc3 Bg4 8. d5
Nb8 9. Nd4 Qc8 10. Re1 c5 11. dxc6 Nxc6 12. Nxc6 bxc6 13. Be3 Qa6 14. Rc1 Rab8
15. b3 Rfd8 16. Qd2 Be6 17. Bd4 c5 18. Be3 Bd7 19. Bg5 Qa5 20. e4 Be6 21. h3
Qb4 22. Qc2 h6 23. Bd2 Qb6 24. Re2 Re8 25. Rce1 Qd8 26. Kh2 a6 27. f4 Qc8 28.
Nd5 Bxd5 29. cxd5 Nd7 30. e5 dxe5 31. fxe5 Nb6 32. e6 f5 33. Bf4 Rb7 34. d6
exd6 35. Bxb7 Qxb7 36. Bxd6 1-0

[Event "Copa Latinoamericana de Ajedrez 2011"]
[Site "Montevideo URU"]
[Date "2011.11.02"]
[Round "2.19"]
[White "Kasuo Okamura, Milton"]
[Black "Rodi, Luis Ernesto"]
[Result "0-1"]
[WhiteElo "2107"]
[BlackElo "2406"]
[PlyCount "122"]
[EventDate "2011.11.01"]
[EventType "swiss"]
[EventRounds "9"]
[EventCountry "URU"]
[Source "lmi"]
[SourceDate "2011.11.01"]

1. d4 f5 2. Nf3 d6 3. g3 Nf6 4. Bg2 g6 5. O-O Bg7 6. c4 O-O 7. Nc3 Qe8 8. d5
Na6 9. Rb1 Nc5 10. Nd4 Bd7 11. f3 e5 12. Ndb5 Na6 13. Be3 Qb8 14. Qd2 Nc5 15.
b4 Bxb5 16. Nxb5 Ncd7 17. c5 a6 18. Nc3 Rf7 19. Rfc1 b5 20. Nd1 Nh5 21. Nf2 f4
22. gxf4 Nxf4 23. Ne4 h6 24. cxd6 cxd6 25. Rc6 Bf8 26. Rbc1 Nf6 27. Nxf6+ Rxf6
28. Bf1 Qe8 29. Bf2 Qf7 30. Rd1 g5 31. Bg3 Qa7+ 32. Kh1 Qh7 33. e3 Nh5 34. Bg2
Rf7 35. Rdc1 Qg6 36. Bxe5 Rf5 37. Qd3 Qf7 38. Rc7 Qg6 39. Bb2 Re8 40. Bh3 Rf6
41. Qxg6+ Rxg6 42. e4 Ng7 43. Ra7 h5 44. Bg2 g4 45. fxg4 Rxg4 46. Rxa6 h4 47.
h3 Rf4 48. Bd4 Nh5 49. Rc2 Ng3+ 50. Kh2 Nxe4 51. Be3 Rf5 52. Bxe4 Rxe4 53. Rg2+
Kf7 54. Bg5 Rxd5 55. Rf2+ Kg6 56. Bd2 Bg7 57. Rg2+ Kf7 58. Rf2+ Ke6 59. Ra8
Be5+ 60. Kg2 Rd3 61. Rg8 Rg3+ 0-1

[Event "Copa Latinoamericana de Ajedrez 2011"]
[Site "Montevideo URU"]
[Date "2011.11.02"]
[Round "2.20"]
[White "De Lima, Carlos Alexandre"]
[Black "Mahia, Gustavo"]
[Result "0-1"]
[WhiteElo "2106"]
[BlackElo "2386"]
[PlyCount "92"]
[EventDate "2011.11.01"]
[EventType "swiss"]
[EventRounds "9"]
[EventCountry "URU"]
[Source "lmi"]
[SourceDate "2011.11.01"]

1. e4 e5 2. Nf3 Nc6 3. Bc4 Bc5 4. O-O Nf6 5. d3 d6 6. h3 O-O 7. c3 a6 8. Be3
Bxe3 9. fxe3 Na5 10. Nbd2 Nxc4 11. Nxc4 Be6 12. Ncd2 Ne8 13. d4 f6 14. Nh4 g6
15. Qe1 Ng7 16. g4 Qe7 17. Qg3 Rf7 18. Rf2 Raf8 19. Raf1 a5 20. b3 c6 21. c4
Bd7 22. d5 Kh8 23. Kh2 b5 24. Rc1 bxc4 25. Nxc4 cxd5 26. exd5 a4 27. Rfc2 axb3
28. axb3 f5 29. Nb6 fxg4 30. hxg4 g5 31. Ng2 Rf3 32. Qe1 Bxg4 33. Qb4 e4 34.
Nc8 Qe5+ 35. Kg1 R3f6 36. Qd4 Qg3 37. Nxd6 Rxd6 38. Rc6 Kg8 39. Rxd6 Qxd6 40.
Qxe4 Bf3 41. Qc4 Bxd5 42. Qd3 Qe6 43. b4 Nf5 44. Re1 Bxg2 45. Kxg2 Nh4+ 46. Kh2
Rf2+ 0-1

[Event "Copa Latinoamericana de Ajedrez 2011"]
[Site "Montevideo URU"]
[Date "2011.11.02"]
[Round "2.23"]
[White "De Dovitiis, Alejo"]
[Black "Martinez, Ayelen"]
[Result "1/2-1/2"]
[WhiteElo "2366"]
[BlackElo "2123"]
[PlyCount "85"]
[EventDate "2011.11.01"]
[EventType "swiss"]
[EventRounds "9"]
[EventCountry "URU"]
[Source "lmi"]
[SourceDate "2011.11.01"]

1. e4 c5 2. Nf3 d6 3. d4 cxd4 4. Nxd4 Nf6 5. Nc3 a6 6. g3 e5 7. Nde2 Be7 8. Bg2
O-O 9. O-O Be6 10. h3 b5 11. Be3 Nbd7 12. g4 Nb6 13. b3 Rc8 14. Qd2 Qc7 15.
Rfc1 Qb7 16. Ng3 b4 17. Nce2 d5 18. Bxb6 Qxb6 19. exd5 Rfd8 20. c4 bxc3 21.
Nxc3 Bb4 22. Qg5 Rxc3 23. Rxc3 Bxc3 24. dxe6 h6 25. exf7+ Kxf7 26. Qc1 Bxa1 27.
Qxa1 Rd2 28. Qe1 Qd4 29. Bf1 g6 30. a4 Nd5 31. Ne2 Qb2 32. Ng3 Qd4 33. Ne2 Qb2
34. Ng3 Rc2 35. Qe4 Qxb3 36. Qxe5 Qf3 37. Ne4 Ne7 38. Bg2 Qd1+ 39. Kh2 Rc6 40.
Qf4+ Kg7 41. g5 hxg5 42. Qe5+ Kf8 43. Qxg5 1/2-1/2

[Event "Copa Latinoamericana de Ajedrez 2011"]
[Site "Montevideo URU"]
[Date "2011.11.02"]
[Round "2.24"]
[White "Bustelo, Tabare"]
[Black "Lujan, Carolina"]
[Result "0-1"]
[WhiteElo "2091"]
[BlackElo "2361"]
[PlyCount "62"]
[EventDate "2011.11.01"]
[EventType "swiss"]
[EventRounds "9"]
[EventCountry "URU"]
[Source "lmi"]
[SourceDate "2011.11.01"]

1. Nc3 d5 2. e4 d4 3. Nce2 e5 4. Nf3 Nc6 5. Ng3 Be6 6. Bb5 f6 7. Bxc6+ bxc6 8.
O-O Qd7 9. d3 Bd6 10. b3 Ne7 11. Nd2 Bg4 12. f3 Be6 13. Nc4 h5 14. f4 Bg4 15.
Qe1 h4 16. Nf5 Nxf5 17. exf5 O-O 18. fxe5 fxe5 19. Nxe5 Bxe5 20. Qxe5 Rae8 21.
Qc5 h3 22. Ba3 hxg2 23. Rf4 Rxf5 24. Qc4+ Rd5 25. Rxd4 Bh3 26. Re4 Re6 27. Bb2
Qf7 28. Rf4 Rf5 29. Rxf5 Qxf5 30. d4 Qf3 31. Re1 Kh8 0-1

[Event "Copa Latinoamericana de Ajedrez 2011"]
[Site "Montevideo URU"]
[Date "2011.11.02"]
[Round "2.25"]
[White "Fabian, Gaston"]
[Black "Daneri, Martin"]
[Result "0-1"]
[WhiteElo "2352"]
[BlackElo "2110"]
[PlyCount "32"]
[EventDate "2011.11.01"]
[EventType "swiss"]
[EventRounds "9"]
[EventCountry "URU"]
[Source "lmi"]
[SourceDate "2011.11.01"]

1. e4 e6 2. d4 d5 3. Nc3 Bb4 4. e5 c5 5. a3 Bxc3+ 6. bxc3 Qa5 7. Bd2 Qa4 8. Qg4
Kf8 9. Qd1 b6 10. c4 Ba6 11. dxc5 bxc5 12. cxd5 Bxf1 13. dxe6 Bxg2 14. Bg5 Qa5+
15. Ke2 Qc7 16. Nf3 Bxh1 0-1

[Event "Copa Latinoamericana de Ajedrez 2011"]
[Site "Montevideo URU"]
[Date "2011.11.02"]
[Round "2.26"]
[White "Bernal, Gustavo"]
[Black "Barrionuevo, Pablo"]
[Result "0-1"]
[WhiteElo "2068"]
[BlackElo "2336"]
[PlyCount "64"]
[EventDate "2011.11.01"]
[EventType "swiss"]
[EventRounds "9"]
[EventCountry "URU"]
[Source "lmi"]
[SourceDate "2011.11.01"]

1. d4 d5 2. Nf3 e6 3. c4 Nf6 4. Nc3 Bb4 5. Qa4+ Nc6 6. e3 O-O 7. a3 Bd6 8. c5
Be7 9. b4 Nd7 10. Be2 Bf6 11. Bb2 Ne7 12. O-O g5 13. Rad1 Ng6 14. g3 c6 15. e4
h6 16. Qc2 Bg7 17. e5 f5 18. Bd3 Rf7 19. Bc1 Ndf8 20. Kh1 g4 21. Ne1 Nh7 22. f3
h5 23. Qd2 Bf8 24. Ng2 Bd7 25. fxg4 fxg4 26. Ne2 Be7 27. Nef4 Ngf8 28. Qe2 b5
29. Nxh5 Ng5 30. Ngf4 a5 31. h4 Ne4 32. Bxe4 dxe4 0-1

[Event "Copa Latinoamericana de Ajedrez 2011"]
[Site "Montevideo URU"]
[Date "2011.11.02"]
[Round "2.27"]
[White "Larrea, Manuel"]
[Black "Colombo, Camila"]
[Result "1-0"]
[WhiteElo "2327"]
[BlackElo "2096"]
[PlyCount "79"]
[EventDate "2011.11.01"]
[EventType "swiss"]
[EventRounds "9"]
[EventCountry "URU"]
[Source "lmi"]
[SourceDate "2011.11.01"]

1. c4 g6 2. Nc3 Bg7 3. g3 e5 4. Bg2 d6 5. e3 Nc6 6. Nge2 f5 7. O-O Nf6 8. Rb1
a5 9. a3 O-O 10. b4 axb4 11. axb4 Rb8 12. b5 Ne7 13. Ba3 b6 14. d4 e4 15. c5
dxc5 16. Qb3+ Kh8 17. dxc5 bxc5 18. Bxc5 Nd7 19. Ba3 Ne5 20. Rfd1 Nd3 21. Nf4
c6 22. Nxd3 exd3 23. Bxe7 Qxe7 24. Bxc6 Be6 25. Nd5 Qf7 26. Rxd3 f4 27. exf4
Bf5 28. Re1 Bxd3 29. Qxd3 Rfd8 30. Qf3 h6 31. Re7 Qg8 32. Qe4 Rxb5 33. Bxb5
Qxd5 34. Qxg6 Qd1+ 35. Kg2 Qd5+ 36. Kh3 Qg8 37. Bc4 Qf8 38. Rf7 Qg8 39. Rd7 Qf8
40. Bd3 1-0

[Event "Copa Latinoamericana de Ajedrez 2011"]
[Site "Montevideo URU"]
[Date "2011.11.02"]
[Round "2.28"]
[White "Cordero, Daniela"]
[Black "Matsuura, Frederico"]
[Result "1-0"]
[WhiteElo "2062"]
[BlackElo "2314"]
[PlyCount "97"]
[EventDate "2011.11.01"]
[EventType "swiss"]
[EventRounds "9"]
[EventCountry "URU"]
[Source "lmi"]
[SourceDate "2011.11.01"]

1. d4 e6 2. Nf3 f5 3. c4 Nf6 4. Nc3 d5 5. Bf4 c6 6. e3 Be7 7. Bd3 O-O 8. Ne5
Ne4 9. f3 Nxc3 10. bxc3 Nd7 11. Qc2 Bh4+ 12. Bg3 Nxe5 13. dxe5 b6 14. cxd5 cxd5
15. c4 Bb7 16. Qf2 Bxg3 17. Qxg3 Rc8 18. Rd1 Ba6 19. O-O Bxc4 20. Rfe1 Bxd3 21.
Rxd3 Qc7 22. Re2 Qc1+ 23. Qe1 Qxe1+ 24. Rxe1 Rc2 25. Ra3 Rf7 26. Kf1 Rfc7 27.
Re2 R2c4 28. Kf2 Kf7 29. Rd2 Ke7 30. Ke2 Rc3 31. Ra4 a5 32. Rad4 R3c4 33. Rb2
Rc2+ 34. Rd2 Rxd2+ 35. Kxd2 Rc6 36. h3 Kd7 37. Kd3 Kc7 38. g4 g6 39. gxf5 exf5
40. Kd4 Rc5 41. e6 Kc6 42. Ke5 d4+ 43. Kf6 dxe3 44. e7 Kd7 45. Rxb6 Rc8 46. Kf7
f4 47. Re6 Re8 48. Re4 g5 49. Rd4+ 1-0